000 00262nam a2200109Ia 4500
008 221009s9999 xx 000 0 und d
082 _a020/MUK
100 _aMukherji,Barun
_981329
245 0 _aBooks Libraries and Culture
260 _bConcept Pub.
942 _cBK
999 _c64921
_d64921